Modelos para la actuación judicial del profesional en Ciencias Económicas : Incluye soluciones alternativas de conflictos /

Guardado en:
Autor Principal: Telese, Miguel.
Otros Autores: Cap, Juan Nicolás.
Formato: Libro
Idioma:Spanish
Publicado: Buenos Aires : Osmar D. Buyatti - Librería Editorial, 2013.
Edición:2° ed. amp. y act.
Materias:
Etiquetas: Agregar Etiqueta
Sin Etiquetas, Sea el primero en etiquetar este registro!
LEADER 00895nam a22002055a 4500
001 DER.der014425
008 191112s2013####ag############000#0#spa#d
005 20210820093502.0
245 1 0 |a Modelos para la actuación judicial del profesional en Ciencias Económicas :  |b Incluye soluciones alternativas de conflictos /  |c Miguel Telese y Juan Nicolás Cap. 
250 |a 2° ed. amp. y act. 
260 |a Buenos Aires :  |b Osmar D. Buyatti - Librería Editorial,  |c 2013. 
300 |a 254 p. ;  |c 28 x 20 cm. 
500 |a Anexo con la trascripción de normas, escasamente conocidas por la profesión, en especial acordadas de la Suprema Corte de Justicia de la Provincia de Buenos Aires. 
020 |a 9789871577989 
100 1 |a Telese, Miguel. 
700 1 |a Cap, Juan Nicolás. 
082 0 4 |a 330 
653 |a Ciencias Económicas 
653 |a Prácticas 
859 |a DERECHO  |b BIB. DERECHO  |h 330  |i TEL  |k 1.35  |p 009703  |t 1